[Event "Rottach Egern Seniors Cup 12th"]
[Site "Rottach Egern"]
[Date "2024.04.07"]
[Round "2"]
[White "Kurpiela, Franz"]
[Black "Marquardt, Christian"]
[Result "0-1"]
[WhiteElo "1848"]
[BlackElo "2020"]
[PlyCount "90"]
[EventDate "2024.04.06"]
[EventType "swiss"]
[EventRounds "9"]
[EventCountry "GER"]
[SourceTitle "CB16_2024"]
[SourceDate "2024.04.17"]
[SourceVersion "1"]
[SourceVersionDate "2024.04.17"]
[SourceQuality "1"]

1. e4 c5 2. Nf3 Nc6 3. Bc4 Nf6 4. Nc3 e6 5. 0-0 Nxe4 6. Nxe4 d5 7. Bxd5 Qxd5 8. d3 Be7 9. b3 0-0 10. Bb2 e5 11. Nfd2 b6 12. Qh5 f5 13. Nc3 Qd7 14. Nc4 Bb7 15. Rfe1 Bf6 16. Ne2 Rae8 17. Ng3 g6 18. Qh3 Qc7 19. a3 Nd4 20. Bxd4 cxd4 21. a4 Kg7 22. Ne2 Be7 23. Nc1 Bb4 24. Re2 a6 25. Na2 Bd6 26. Nxd6 Qxd6 27. Rae1 Qf6 28. f4 e4 29. Qg3 Rc8 30. h4 Rf7 31. h5 Rfc7 32. dxe4 Bxe4 33. c4 dxc3 34. hxg6 Qd4+ 35. Re3 hxg6 36. Nc1 c2 37. Qf2 Rd7 38. Qe2 Rc3 39. Kf1 a5 40. g4 Rxe3 41. Qxe3 Qxe3 42. Rxe3 Rd1+ 43. Re1 fxg4 44. Kf2 g3+ 45. Kf1 g2+ 0-1

[Event "Altenkirchen Seniors op 19th"]
[Site "Altenkirchen"]
[Date "2022.07.20"]
[Round "2"]
[White "Vautrin, Stefan"]
[Black "Kurpiela, Franz"]
[Result "1-0"]
[WhiteElo "2119"]
[BlackElo "1782"]
[PlyCount "81"]
[EventDate "2022.07.19"]
[EventType "swiss"]
[EventRounds "9"]
[EventCountry "GER"]
[SourceTitle "CBM 209 Extra"]
[Source "ChessBase"]
[SourceDate "2022.09.30"]
[SourceVersion "1"]
[SourceVersionDate "2022.09.30"]
[SourceQuality "1"]

1. c4 Nf6 2. Nc3 b6 3. e4 e5 4. g3 Bb7 5. Bg2 Bc5 6. Nge2 0-0 7. 0-0 Nc6 8. d3 h6 9. h3 a6 10. a3 Nd4 11. b4 Nxe2+ 12. Nxe2 Be7 13. Bb2 d6 14. f4 Nd7 15. d4 exd4 16. Nxd4 Bf6 17. Qd2 Re8 18. Rfe1 a5 19. e5 Bxg2 20. Qxg2 dxe5 21. Nc6 Qc8 22. fxe5 Be7 23. Qd5 Nf8 24. Kh2 Qf5 25. Nxe7+ Rxe7 26. Qxa8 Qc2+ 27. Qg2 Qxc4 28. Rac1 Qb5 29. Qc6 Qd3 30. Rcd1 Qb3 31. Qc3 Qa2 32. Rd8 axb4 33. axb4 Qe6 34. Qd2 Rd7 35. Rxd7 Nxd7 36. Rd1 Nxe5 37. Bxe5 Qxe5 38. Re1 Qf6 39. Re8+ Kh7 40. Qc2+ g6 41. Rc8 1-0

[Event "Rottach Egern Seniors Cup 9th"]
[Site "Rottach Egern"]
[Date "2021.10.28"]
[Round "7"]
[White "Kurpiela, Franz"]
[Black "Lachat, Martin"]
[Result "1-0"]
[WhiteElo "1744"]
[BlackElo "1562"]
[PlyCount "71"]
[EventDate "2021.10.22"]
[EventType "swiss"]
[EventRounds "7"]
[EventCountry "GER"]
[SourceTitle "EXT 2023"]
[Source "ChessBase"]
[SourceDate "2022.10.05"]
[SourceVersion "1"]
[SourceVersionDate "2022.10.05"]
[SourceQuality "1"]

1. e4 g6 2. d4 Bg7 3. Nf3 e6 4. c3 Ne7 5. Bg5 0-0 6. Qd2 d6 7. Na3 Nd7 8. Bd3 f6 9. Bh6 c6 10. h4 e5 11. h5 g5 12. Bxg7 Kxg7 13. Bc4 d5 14. exd5 cxd5 15. Bb3 exd4 16. Qxd4 Nb6 17. 0-0-0 Nf5 18. Qd3 Be6 19. Rhe1 Qd7 20. Nc2 Rfe8 21. Nb4 Rad8 22. a3 Ne7 23. h6+ Kh8 24. Nxg5 Bf5 25. Qd4 Ng8 26. Rxe8 Qxe8 27. g4 Be6 28. Re1 Rd6 29. f4 Qd7 30. f5 Bf7 31. c4 Qc7 32. Kb1 Rd7 33. c5 Nc8 34. Nxd5 Bxd5 35. Re8 Bxb3 36. Qxf6+ 1-0